00573nam a2200205Ia 450000500170000000800410001702000100005804000190006804100120008708200160009910000180011524500770013326000290021030000160023950400260025565000330028165100270031470000160034185000100035720240307111809.0131103s9999 xx 000 0 und d cRs.16 aLoreto College aEnglish a371.3 bBHA aBhatia,Kamala 4aThe Principles and Methods of Teaching, cKamala Bhatia and B.D.Bhatia aDelhibDoaba Housec1972 axiv,496 p.  aIncludes bibliography aSchools and their activities aSchool Administration  aBhatia,B.D. aLCLIB